000 00290cam a22001097a 4500
008 180718b1972 xxu||||| |||| 00| 0 eng d
082 _aX6x42 Un3 69
245 _aNew roads in towns
_cby Her Majesty's
260 _aLondon
_bHer Majesty's
_c1972
300 _a44p
700 _aU.K. Her Majesty's
999 _c414599
_d414599